000 01436nam a22004454i 4500
001 302812
003 CO-MdFUSB
005 20240530084538.0
008 901107s1989 enkabf 00000 eng d
010 _agb 89028569
020 _a0851106412 :
_c£8.95
020 _a0745918190 (Lion)
020 _a0851109438 (IVP ELT ed.)
020 _a084234697X (U. S.)
040 _aUk
_dDLC
_dCStRLIN
_dNjPT
_bspa
_cCO-MdFUSB
_erda
041 _aeng
082 0 4 _a220.3
_223
_bW721
245 0 0 _aNew concise Bible dictionary
_c/ editor Derek Williams.
264 1 _aOxford, Inglaterra :
_bInterVarsity Press,
_c℗[1989]
264 4 _c©1989
300 _axii, 595 páginas ;
_c22 cm.
336 _2rdacontent
_atexto
_btxt
337 _2rdamedia
_asin mediación
_bn
338 _2rdacarrier
_avolumen
_bnc
505 _tUna palabra del editor. --
_tCómo sacar lo mejor de este diccionario. --
_tAbreviaciones. --
_tArtículos del diccionario.
563 _aTapa rústica
650 7 _9423
_aEnciclopedias y diccionarios
700 1 0 _aWilliams, Derek,
_d1945-
_eeditor
886 2 _2UK MARC
_a690
_b00 z11030 cBible
886 2 _2UK MARC
_a691
_b00 a0069051
886 2 _2UK MARC
_a692
_b00 a0005924
942 _cREF
945 _aJTF-925
999 _c64619
_d64619